|
|
|
|
| LEADER |
01474nam a22002897a 4500 |
| 001 |
38313 |
| 003 |
BD-DhAAL |
| 008 |
220407t2013 bg a|||| b||| 001 0 ben d |
| 999 |
|
|
|c 44013
|d 44013
|
| 020 |
|
|
|a 9789849048640
|
| 040 |
|
|
|a BD-DhAAL
|c BD-DhAAL
|
| 041 |
|
|
|a ben
|
| 082 |
|
|
|a 333.323095492
|
| 100 |
|
|
|a বায়েস, আবদুল
|9 47803
|
| 245 |
|
|
|a তিন বিঘা জমি :
|b কৃষি ও খাদ্য বিবর্তন বৃত্তান্ত /
|c আবদুল বায়েস ; মাহবুব হোসেন
|
| 246 |
|
|
|a Three bighas of land
|
| 260 |
|
|
|a ঢাকা :
|b এ এইচ ডেভেলপমেন্টপাবলিশিং হাউস,
|c ২০১৩.
|
| 300 |
|
|
|a ৩৯২ পৃষ্ঠা :
|b চিত্র ;
|c ২২ সে.মি.
|
| 504 |
|
|
|a গ্রন্থপঞ্জিগত নির্দেশিকা ও নির্ঘণ্ট অন্তর্ভুক্ত।
|
| 541 |
|
|
|a Donated By Akbar Ali Khan
|e 38313
|
| 650 |
|
|
|a Peasants
|z Bangladesh.
|9 47804
|
| 650 |
|
|
|a Land tenure
|z Bangladesh.
|9 47805
|
| 651 |
|
|
|a Bangladesh
|x Rural conditions.
|9 47806
|
| 700 |
|
|
|a হোসেন, মাহবুব
|9 47807
|
| 852 |
|
|
|a Ayesha Abed Library
|c Akbar Ali Khan Collection
|
| 942 |
|
|
|2 ddc
|c BK
|
| 952 |
|
|
|0 0
|1 0
|2 ddc
|4 0
|6 333_323095492000000_BAY
|7 1
|9 70408
|a BRACUL
|b BRACUL
|c AAKC
|d 2022-04-07
|e Donated by Akbar Ali Khan
|l 0
|o 333.323095492 BAY
|p 3010038313
|r 2022-04-07
|t 1
|w 2022-04-07
|y BK
|